Calciatori che hanno vinto Mondiali, Pallone d'Oro e Champions League - Statistics

Statistiche generali
  • Questo quiz è stato fatto 221 volte
  • Il punteggio medio è 6 su 9
Statistiche sulle risposte
Coppa del Mondo Pallone d'Oro UEFA Champions League Calciatore % Corretto
1 (2022) 8 (2009; 2010; 2011; 2012; 2015; 2019; 2021; 2023) 4 (2005/06; 2008/09; 2010/11; 2014/15) Lionel Messi
98%
1 (2002) 1 (2007) 1 (2006/07) Kaká
87%
1 (2002) 1 (2005) 1 (2005/06) Ronaldinho
83%
1 (1998) 1 (1998) 1 (2001/02) Zinédine Zidane
83%
1 (1982) 1 (1982) 1 (1984/85) Paolo Rossi
73%
1 (2002) 1 (1999) 1 (2002/03) Rivaldo
62%
1 (1974) 2 (1972; 1976) 3 (1973/74; 1974/75; 1975/76) Franz Beckenbauer
46%
1 (1974) 1 (1970) 3 (1973/74; 1974/75; 1975/76) Gerd Müller
43%
1 (1966) 1 (1966) 1 (1967/68) Bobby Charlton
39%
Nessun quiz corrispondente trovato
Distribuzione punteggi
Percentuale di utenti per punteggio
Percentile per numero di risposta
I tuoi punteggi nel tempo
Non hai fatto questo quiz